Siamo pronti per ripartire? (Record n. 359107)

Dettagli MARC
000 -LEADER
campo di controllo lung. fissa 00686nam a22002177a 4500
003 - Identificatore del numero di controllo
campo di controllo IT-MiCISF
005 - Data e orario dell'ultima transazione
campo di controllo 20250414145202.0
008 - Elementi di lunghezza fissa--Informazione generale
campo di controllo lung. fissa 201228b ||||| |||| 00| 0 eng d
040 ## - Fonte della catalogazione
Agenzia che fa la trascrizione IT-MiCISF
041 ## - Codice di lingua
Codice di lingua del testo/traccia sonora o titolo separato it
100 ## - Accesso principale -- nome di persona
Nome di persona Trigari Michela
9 (RLIN) 57865
245 ## - Formulazione del titolo
Titolo Siamo pronti per ripartire?
250 ## - Formulazione di edizione
Formulazione di edizione "SuperAbile INAIL", n. 6, giugno
260 ## - Pubblicazione, distribuzione, ecc. (stampa)
Data di pubblicazione, distribuzione, ecc. 2020
300 ## - Descrizione fisica
Estensione pp. 7-21
500 ## - Nota generale
Nota generale servizi-handicap, società, esperienze, scuola, handicap, rapporti-operatori-utenti, nuovi-media
650 ## - Accesso aggiunto di soggetto--termine topico
Termine topico o nome geografico come accesso servizi-alla-persona
9 (RLIN) 56082
654 ## - Accesso aggiunto di soggetto--termini topici faccettati
Termine principale dossier
700 ## - Accesso aggiunto--nome di persona
Nome di persona Ludovisi C., Patete A., Griffo G., Starace F., Cooperativa sociale Tandem
9 (RLIN) 58719
942 ## - Dati aggiuntivi (Koha)
Fonte della classificazione o dello schema di collocazione (segnatura) Dewey Decimal Classification
Tipo copia default (Koha) RIVISTA
Dati di copia
Ritirato (status) Perso (status) Fonte della classificazione o dello schema di collocazione (segnatura) Danneggiato (status) Non per il presito Biblioteca proprietaria Biblioteca in cui si trova Data d'acquisizione Totale prestiti Collocazione Data ultima operazione Prezzo in vigore dal Tipo copia default (Koha)
    Dewey Decimal Classification Buone Condizioni Not For Loan CISF - Milano CISF - Milano 28/12/2020   dg120 28/12/2020 28/12/2020 RIVISTA
CREDITS: SOCIETA' SAN PAOLO Via A.Severo, 58 - ROMA (RM) & PERIODICI SAN PAOLO SRL Via Giotto, 36 MILANO & CISF Via Giotto, 36 MILANO & EDIZIONI SAN PAOLO SRL,  Piazza Soncino, 5 CINISELLO BALSAMO (MI) -- ITALY